| 000 | 00839nam a2200205 a 4500 | ||
|---|---|---|---|
| 008 | 120416s2000 ||||||||||||||||| || u | ||
| 020 | _a0201619067 | ||
| 050 | _aHG 1854 How | ||
| 100 | _aHowells, Peter | ||
| 245 | 1 | 0 | _aFinancial markets and institutions. (3rd ed.) |
| 250 | _a3rd ed. | ||
| 260 |
_aHarlow: _bPearson Education, Inc _c2000 |
||
| 350 | _a0.00 | ||
| 650 | _aMONEY MARKET | ||
| 650 | _aCAPITAL MARKET | ||
| 650 | _aFINANCIAL INSTITUTIONS--GREAT BRITAIN | ||
| 650 | 0 | _aFINANCE--DEVELOPING COUNTRIES | |
| 995 |
_aMAIN LIBRARY OPEN ACCESS _D0.00 _e735512 _FCBU-MAIN LIBRARY (Kitwe) _H1 _I18.95 _jHG 1854 How _M1 _UAVAILABLE _y48378 _ZMain Library Open Access Collection |
||
| 995 |
_aMAIN LIBRARY OPEN ACCESS _D0.00 _e733556 _FCBU-MAIN LIBRARY (Kitwe) _H2 _I18.95 _jHG 1854 How _M2 _UAVAILABLE _y45329 _ZMain Library Open Access Collection |
||
| 999 |
_c63105 _d63105 |
||